Women & guerrilla movements : (Record no. 21119)
[ view plain ]
| 000 -LEADER | |
|---|---|
| fixed length control field | 00954nam a22002655a 4500 |
| 005 - DATE AND TIME OF LATEST TRANSACTION | |
| control field | 20151220113247.0 |
| 008 - FIXED-LENGTH DATA ELEMENTS--GENERAL INFORMATION | |
| fixed length control field | 151220t2002 pau frb f001 0 eng d |
| 020 ## - INTERNATIONAL STANDARD BOOK NUMBER | |
| International Standard Book Number | 9780271022512 |
| 020 ## - INTERNATIONAL STANDARD BOOK NUMBER | |
| International Standard Book Number | 0271022744 |
| 040 ## - CATALOGING SOURCE | |
| Original cataloging agency | EG-ScBUE |
| Language of cataloging | eng |
| Transcribing agency | EG-ScBUE |
| 043 ## - GEOGRAPHIC AREA CODE | |
| Geographic area code | cl----- |
| 082 04 - DEWEY DECIMAL CLASSIFICATION NUMBER | |
| Edition number | 22 |
| Classification number | 305.42098 |
| Item number | KAM |
| 100 1# - MAIN ENTRY--PERSONAL NAME | |
| 9 (RLIN) | 38756 |
| Personal name | Kampwirth, Karen, |
| Dates associated with a name | 1964- |
| 245 10 - TITLE STATEMENT | |
| Title | Women & guerrilla movements : |
| Remainder of title | Nicaragua, El Salvador, Chiapas, Cuba / |
| Statement of responsibility, etc | Karen Kampwirth. |
| 246 3# - VARYING FORM OF TITLE | |
| Title proper/short title | Women and guerrilla movements : |
| Remainder of title | Nicaragua, El Salvador, Chiapas, Cuba |
| 260 ## - PUBLICATION, DISTRIBUTION, ETC. (IMPRINT) | |
| Place of publication, distribution, etc | Pennsylvania : |
| Name of publisher, distributor, etc | The Pennsylvania State University Press, |
| Date of publication, distribution, etc | c.2002. |
| 300 ## - PHYSICAL DESCRIPTION | |
| Extent | x, 194 p. ; |
| Dimensions | 23 cm. |
| 500 ## - GENERAL NOTE | |
| General note | Index : p. 187-194. |
| 504 ## - BIBLIOGRAPHY, ETC. NOTE | |
| Bibliography, etc | Bibliography : p. 157-185. |
| 650 ## - SUBJECT ADDED ENTRY--TOPICAL TERM | |
| Source of heading or term | BUEsh |
| Topical term or geographic name as entry element | Women |
| General subdivision | Political activity |
| Geographic subdivision | Latin America |
| 650 ## - SUBJECT ADDED ENTRY--TOPICAL TERM | |
| Topical term or geographic name as entry element | Women revolutionaries |
| Geographic subdivision | Latin America |
| Form subdivision | Interviews. |
| 653 ## - INDEX TERM--UNCONTROLLED | |
| Resource For college | BAEPS, Political Science |
| Arrived date list | December2015 |
| 655 ## - INDEX TERM--GENRE/FORM | |
| Form subdivision | Reading book |
| -- | 34232 |
| 942 ## - ADDED ENTRY ELEMENTS (KOHA) | |
| Source of classification or shelving scheme | Dewey Decimal Classification |
| Withdrawn status | Item status | Source of classification or shelving scheme | Damaged status | Not for loan | Vendor | Home library | Current library | Shelving location | Date acquired | Source of acquisition | Total Checkouts | Total Renewals | Full call number | Barcode | Date last seen | Date last borrowed | Koha item type |
|---|---|---|---|---|---|---|---|---|---|---|---|---|---|---|---|---|---|
| Dewey Decimal Classification | Baccah | Central Library | Central Library | First floor | 20/12/2015 | Purchase | 1 | 1 | 305.42098 KAM | 000031488 | 15/07/2025 | 21/10/2018 | Book - Borrowing |